Ιστορία της τέχνης : ζωγραφική, γλυπτική, αρχιτεκτονική, διακοσμητικές τέχνες

Αποθηκεύτηκε σε:
Λεπτομέρειες βιβλιογραφικής εγγραφής
Άλλοι συγγραφείς: Châtelet, Albert (Επιμελητής έκδοσης), Groslier, Bernard Philippe (Επιμελητής έκδοσης)
Μορφή: Βιβλίο
Γλώσσα:Greek
French
Δημοσίευση: Αθήνα : Βιβλιόραμα, c1994.
Θέματα:
Ετικέτες: Προσθήκη ετικέτας
Δεν υπάρχουν, Καταχωρήστε ετικέτα πρώτοι!

MARC

LEADER 00000cam a2200000 i 4500
001 1/15293
008 010110s1994 gr | ||| |||| ||gre||
020 |a 9608541409   |q (set) 
020 |a 9608541417   |q (τ. 1) 
020 |a 9608541425   |q (τ. 2) 
020 |a 9608541433   |q (τ. 3) 
020 |a 9608541441   |q (τ. 4) 
020 |a 960854145X   |q (τ. 5) 
035 |l 10065340 
040 |a GR-MyUa  |b gre  |e AACR2 
041 1 |a gre  |h fre 
082 7 |a 709   |2 (22) 
245 0 0 |a Ιστορία της τέχνης :   |b ζωγραφική, γλυπτική, αρχιτεκτονική, διακοσμητικές τέχνες /   |c επιμέλεια Albert Châtelet και Bernard Philippe Groslier; μετάφραση Γιάννης Παρίσης, Μαρία Λιάπη.  
260 |a Αθήνα :   |b Βιβλιόραμα,   |c c1994.  
300 |a 5 τ. :   |b εικ. ;   |c 30 εκ. 
500 |a Τίτλος πρωτοτύπου: Histoire de l' art.  
500 |a Ο τ.5 περιέχει επίμετρο με τίτλο η νεοελληνική τέχνη.  
504 |a Περιέχει βιβλιογραφικές αναφορές και ευρετήριο.  
650 0 |a Art  |x History. 
700 1 |a Châtelet, Albert,  |e edt 
700 1 |a Groslier, Bernard Philippe,  |e edt 
852 |a INST  |b SYROS  |e 20010111  |h 709 ΙΣΤ  |p 005500001808  |q 005500001808  |t BK  |y 0  |z τ.2 
852 |a INST  |b SYROS  |e 20010111  |h 709 ΙΣΤ  |p 005500001809  |q 005500001809  |t BK  |y 0  |z τ.3 
852 |a INST  |b SYROS  |e 20010111  |h 709 ΙΣΤ  |p 005500001810  |q 005500001810  |t BK  |y 0  |z τ.4 
852 |a INST  |b SYROS  |e 20010111  |h 709 ΙΣΤ  |p 005500001811  |q 005500001811  |t BK  |y 0  |z τ.5 
852 |a INST  |b SYROS  |e 20010110  |h 709 ΙΣΤ  |p 005500001812  |q 005500001812  |t BK  |y 0  |z τ.1 
852 |a INST  |b SYROS  |e 20010111  |h 709 ΙΣΤ  |p 005500001808  |q 005500001808  |t BK  |v τ.2:  |y 0  |z τ.2 
852 |a INST  |b SYROS  |e 20010111  |h 709 ΙΣΤ  |p 005500001809  |q 005500001809  |t BK  |v τ.3:  |y 0  |z τ.3 
852 |a INST  |b SYROS  |e 20010111  |h 709 ΙΣΤ  |p 005500001810  |q 005500001810  |t BK  |v τ.4:  |y 0  |z τ.4 
852 |a INST  |b SYROS  |e 20010111  |h 709 ΙΣΤ  |p 005500001811  |q 005500001811  |t BK  |v τ.5:  |y 0  |z τ.5 
852 |a INST  |b SYROS  |e 20010110  |h 709 ΙΣΤ  |p 005500001812  |q 005500001812  |t BK  |v τ.1:  |y 0  |z τ.1 
853 |a INST  |b SYROS  |h 709 ΙΣΤ 
901 |a BIBL5-2001-1 
922 |a 5ΕΛΗ  |b 200012  |c Γραφικών Τεχνών  |d Παπασωτηρίου 
950 |a 183-2000-09-18 
970 |a Κοντού  |b Παρασκευή  |z 11/01/2001